Jano y Minerva: Ensayos sobre la guerra y la paz

Uloženo v:
Podrobná bibliografie
Hlavní autor: Hoffmann, Stanley (Autor)
Médium: Kniha
Jazyk:španělština
Vydáno: Buenos Aires Grupo Editor Latinoamericano 1991
Vydání:1a. ed
Témata:
Tagy: Přidat tag
Žádné tagy, Buďte první, kdo vytvoří štítek k tomuto záznamu!

MARC

LEADER 00000nam a2200000 a 4500
001 UCH1987
003 CL-VaPUC
008 090520e19910000AG |||||||||||||||||spa|d
020 |a 9506941416 
082 0 4 |a 327.16  |b HOF  |2 21 
100 |a Hoffmann, Stanley  |e author  |9 536614 
245 1 0 |a Jano y Minerva: Ensayos sobre la guerra y la paz 
250 |a 1a. ed 
300 |a 433 p 
942 |c BK 
945 |d 20090520 00:00:00  |a dcastane 
260 |a Buenos Aires  |b Grupo Editor Latinoamericano  |c 1991 
650 0 |a Política mundial  |9 255739 
650 0 |a Relaciones Internacionales  |9 255740 
650 7 |a GUERRA Y PAZ  |2 CL-VaPUC  |9 509547 
650 7 |a FILOSOFIA POLITICA  |2 CL-VaPUC  |9 536615 
583 |a last modification  |c 20090520 00:00:00  |k Rodrigo Vera 
999 |c 333856  |d 333854 
952 |0 0  |1 0  |4 0  |6 327_160000000000000_HOF_1991  |7 0  |8 A  |9 422499  |a BIBHIS  |b BIBHIS  |d 2019-11-22  |i 451761K  |l 2  |m 1  |o 327.16 HOF 1991  |p 451761K  |r 2025-01-20  |s 2023-09-13  |w 2019-11-22  |y BK  |k HIS